The research tool kit : (Record no. 2556)

MARC details
000 -LEADER
fixed length control field 00949pam a2200169 a 4500
020 ## - INTERNATIONAL STANDARD BOOK NUMBER
ISBN 053440703X
022 ## - INTERNATIONAL STANDARD SERIAL NUMBER
ISSN 9780534407032
050 00 - CALL NUMBER
Classification number HV11
Item number .F91
100 1# - AUTHOR
Personal name Friedman, Bruce D.,
245 14 - TITLE
Title The research tool kit :
Remainder of title putting it all together /
Statement of responsibility, etc Bruce D. Friedman.
250 ## - EDITION
Edition statement 2nd ed.
260 ## - PUBLICATION INFORMATION
Place of publication Belmont, CA :
Name of publisher Thomson Brooks/Cole,
Year of publication c2006
300 ## - DESCRIPTION
Number of Pages xiii, 112 p. :
Other physical details ill. ;
Dimensions 28 cm.
505 ## - FORMATTED CONTENTS NOTE
Table of Content 1. What is Research? --<br/>2. The Question --<br/>3. Literature Review --<br/>4. Justification of the Study --<br/>5. Variables --<br/>6. Hypotheses --<br/>7. Research Design --<br/>8. Sampling --<br/>9. Research Protocol --<br/>10. Protection of Human Subjects --<br/>11. Bias --<br/>12. Data --<br/>13. Data Collection Forms --<br/>14. Data Analysis and Statistical Procedures --<br/>15. Reporting Results --<br/>16. Administrative Arrangements /Agreements --<br/>17. Limitations of the Study --<br/>18. Conclusion.
650 #0 - SUBJECTS
Topical Term Social service
General subdivision Research
-- Methodology.
942 ## - ADDED ENTRY ELEMENTS (KOHA)
Koha item type Books
Holdings
Withdrawn status Lost status Collection code Home library Current library Shelving location Date acquired Full call number Accession Number Copy number Koha item type
    Reference Methodist University Library Main Methodist University Library Main General Stacks   HV11 .F91 4021 1 Books
Copyright © 2026  MUG Library